| 000 -LEADER |
| fixed length control field |
00534nam a22001937a 4500 |
| 003 - CONTROL NUMBER IDENTIFIER |
| control field |
SLTCLib |
| 008 - FIXED-LENGTH DATA ELEMENTS--GENERAL INFORMATION |
| fixed length control field |
260604b ce ||||| |||| 00| 0 eng d |
| 020 ## - INTERNATIONAL STANDARD BOOK NUMBER |
| International Standard Book Number |
9781718502703 |
| 041 ## - LANGUAGE CODE |
| Language code of text/sound track or separate title |
English Language |
| 080 ## - UNIVERSAL DECIMAL CLASSIFICATION NUMBER |
| Universal Decimal Classification number |
004.43=93 |
| Item number |
MAT |
| 100 ## - MAIN ENTRY--PERSONAL NAME |
| Personal name |
Matthes, Eric |
| 9 (RLIN) |
3563 |
| 245 ## - TITLE STATEMENT |
| Title |
Python crash course |
| Remainder of title |
A Hands-on, project-based introduction to programming |
| 250 ## - EDITION STATEMENT |
| Edition statement |
3rd. |
| 260 ## - PUBLICATION, DISTRIBUTION, ETC. (IMPRINT) |
| Place of publication, distribution, etc |
San Francisco |
| Name of publisher, distributor, etc |
William pollock |
| Date of publication, distribution, etc |
2023 |
| 300 ## - PHYSICAL DESCRIPTION |
| Extent |
514p. |
| 650 #0 - SUBJECT ADDED ENTRY--TOPICAL TERM |
| 9 (RLIN) |
3132 |
| Topical term or geographic name as entry element |
Programming languages |
| 650 #0 - SUBJECT ADDED ENTRY--TOPICAL TERM |
| 9 (RLIN) |
2267 |
| Topical term or geographic name as entry element |
Python |
| 942 ## - ADDED ENTRY ELEMENTS (KOHA) |
| Source of classification or shelving scheme |
|
| Koha item type |
Reference Materials |
| 945 ## - LOCAL PROCESSING INFORMATION (OCLC) |
| a |
3725 |
| b |
Ishara wickramage |
| c |
3725 |
| d |
Ishara wickramage |